000 00631nam a2200253 a 4500
003 AR-BaBNM
005 20251128210229.0
008 082120s2002 ||||||||||||||000 | spa||
020 _a84-206-4674-1
040 _cAR-BaBNM
100 1 _aArlt, Roberto
245 0 0 _aNoche terrible ;
_bUna tarde de domingo
260 _aMadrid
_bAlianza Editorial
_c1995
300 _a63 p.
490 0 _aAlianza Cien
_vv. 74
650 4 _aLITERATURA ARGENTINA
650 4 _aCUENTOS
650 4 _aESCRITORES
650 4 _aLITERATURA CONTEMPORANEA
653 _aCOSTUMBRISMO
655 _aLITERATURA
942 _cBK
998 _cMARTIN
999 _c14595
_d14595